National Anthem of Estonia - Mu isamaa, mu õnn ja rõõm - Statistics

General Stats
  • This quiz has been taken 11 times
  • The average score is 49 of 78
Answer Stats
Lyrics % Correct
isamaa,
100%
isamaa!
100%
isamaa!
100%
isamaa!
100%
isamaa!
100%
ja
100%
ja
100%
ja
100%
ja
100%
Mu
100%
mu
100%
mu
100%
mu
100%
mu
100%
mu
100%
õnn
100%
rõõm,
100%
armas
75%
armas
75%
Ei
75%
iial
75%
iial
75%
ju
75%
ka,
75%
kallis
75%
kallis
75%
kasvatand;
75%
kui
75%
kui
75%
mind
75%
mul
75%
mul
75%
oled
75%
oled
75%
oled
75%
sa!
75%
sa,
75%
Sa
75%
sa,
75%
sa,
75%
Su
75%
sünnitand
75%
üle
75%
üles
75%
ilma
50%
Jumal
50%
kaitseja
50%
kaunis
50%
laia
50%
leia
50%
mina
50%
mina
50%
mis
50%
mis
50%
nii
50%
oleks
50%
olgu
50%
peal,
50%
rohkest
50%
see
50%
sinu
50%
Ta
50%
valvaku
50%
võtku
50%
alati
25%
ette
25%
õnnista
25%
sind
25%
suure,
25%
teal
25%
võtad
25%
armsam
0%
jään
0%
kõige
0%
sull'
0%
surmani,
0%
tänan
0%
truuiks
0%
No matching quizzes found
Score Distribution
Percent of People with Each Score
Percentile by Number Answered
Your Score History
You have not taken this quiz